| 000 | 00795cam a22002773a 4500 | ||
|---|---|---|---|
| 001 | 5093 | ||
| 003 | PGUSA | ||
| 005 | 20140828083113.0 | ||
| 008 | 040201s2004||||xxu|||||s|||||000 1 eng d | ||
| 040 |
_aPGUSA _beng |
||
| 042 | _adc | ||
| 050 | 4 | _aPR | |
| 100 | 1 |
_aBarrie, J. M. _q(James Matthew), _d1860-1937 |
|
| 245 | 1 | 4 |
_aThe Little Minister _h[electronic resource] / _cJ. M. Barrie |
| 260 |
_bProject Gutenberg, _c2004 |
||
| 506 | _aPublic domain in the USA. | ||
| 516 | _aElectronic text | ||
| 653 | _aRomanies -- Fiction | ||
| 653 | _aScotland -- Fiction | ||
| 653 | _aDeception -- Fiction | ||
| 653 | _aCountry life -- Scotland -- Fiction | ||
| 653 | _aClergy -- Fiction | ||
| 830 | 0 |
_aProject Gutenberg _v5093 |
|
| 856 | 4 | 0 | _uhttp://www.gutenberg.org/ebooks/5093 |
| 942 | _cEB | ||
| 999 |
_c234422 _d234422 |
||